Brácha za všechny peníze

Bibliographic Details
Main Author: Bobok, Jozef, 1924-2004 (Author)
Format: Article
Language:Slovak
Subjects:

MARC

LEADER 00000nab a2200000 a 4500
001 vtls000031101
003 SK-MaSNL
005 20260304062139.0
008 250422c1979 xo 0 slo
015 |a SNBRB19rr/mm-uuuuu 
035 |a CL0041195 
035 |a urn:nbn:sk:snk-abdk0i 
035 |a (urnnbn)urn:nbn:sk:snk:ar-0015vx 
035 |a (uuid)116ffabe-0ed3-47f7-9de8-bd6d68b7acda 
040 |a SNKBUCL  |b slo  |c SNKBUCL  |e AACR2 
041 0 |a slo 
044 |a xo  |c SK 
080 |a 791.4  |2 1981 
100 1 |a Bobok, Jozef,  |d 1924-2004  |4 aut  |9 104720 
245 1 0 |a Brácha za všechny peníze  |c Jozef Bobok 
630 0 7 |a Brácha za všechny peníze (film)  |2 snkbucl  |9 1347194 
650 0 7 |a české filmy  |2 snkbucl  |9 429910 
655 7 |a recenzie  |2 snkbucl  |9 21907 
655 7 |a články z novín a časopisov  |2 snkbucl  |9 267496 
773 0 |t Film a divadlo  |g Roč. 23, č. 9 (1979), s. 17 
850 |a Slovenská národná knižnica 
852 |a Slovenská národná knižnica 
954 |a odborná, vedecká literatúra pôvodná (slovenská)  |2 lita 
958 |a article19 
958 |a OND 
958 |a RK 
958 |a CZ 
958 |a SK 
958 |a EUIPO 
992 |a RBX 
999 |c 2736705  |d 2738635